000 01484nem a2200289 i 4500
001 102909
003 ES-MaACL
005 20250803094824.0
007 t|
008 051216s1943 sp eh | |0|1||spa d
080 _a(460.27 Madrid)
130 0 _aMadrid.
_kPlanos de población (
_d1656).
_f1943.
_9161439
245 1 0 _aTopographia de la villa de Madrid [
_hMaterial cartográfico] /
_cdescrita por Don Pedro Texeira, año 1656.
255 _aEscala [ca. 1:1.660]. Pitipié de Quinientas Varas Castellanas [= 25,1 cm].
260 _aMadrid :
_b[Instituo Geográfico y Catastral],
_c1943.
300 _a1 plano en 20 h. en una carpeta ;
_c180 x 285 cm en h. de 47 x 58 cm.
500 _aEn la parte superior en filacteria: "Mantua Carpetanorum sive matritum urbs regia"
500 _aInserta: Relación de edificios.
500 _aLos edificios están representados en perspectiva caballera.
500 _aA la derecha representación alegórica con dedicatoria a Felipe IV, coronada por el escudo real sostenido por ángeles, alrededor distintos trofeos. En la parte inferior tres cartelas que encierras las escalas y el título.
500 _aEn el centro de la parte superior: escudo de la ciudad.
500 _aEs reprod. del plano de Madrid de Don Pedro de Texeira que se encuentra en el Museo Municipal de Madrid.
651 4 _aMadrid-
_vPlanos-
_yS.XVII
_98981
700 1 _aTexeira, Pedro de.
_9109852
852 _aES-MaACL
_jGF-43
999 _c102909
_d102909